COST MANAGEMENT TOOLBOX A MANAGER S GUID (Record no. 22016)

MARC details
000 -LEADER
fixed length control field 00345nam a2200133Ia 4500
008 - FIXED-LENGTH DATA ELEMENTS--GENERAL INFORMATION
fixed length control field 240624s9999 xx 000 0 und d
041 ## - LANGUAGE CODE
Language code of text/sound track or separate title eng
082 ## - DEWEY DECIMAL CLASSIFICATION NUMBER
Classification number 657 OLI
100 ## - MAIN ENTRY--PERSONAL NAME
Personal name OLIVER LIANABEL
245 ## - TITLE STATEMENT
Title COST MANAGEMENT TOOLBOX A MANAGER S GUID
260 ## - PUBLICATION, DISTRIBUTION, ETC.
Date of publication, distribution, etc. 2000
Place of publication, distribution, etc. New York
Name of publisher, distributor, etc. AMACOM
300 ## - PHYSICAL DESCRIPTION
Extent xiii, : 353 : p. : cm. ; 23
365 ## - TRADE PRICE
Currency code
Price amount 28
Holdings
Withdrawn status Lost status Damaged status Not for loan Home library Current library Shelving location Date acquired Source of acquisition Cost, normal purchase price Full call number Barcode Date last seen Copy number Price effective from Koha item type
        IMTN IMTN Rack 20-A 11/20/2013 TB 34.95 657 OLI 22016 06/24/2024 67.3 06/24/2024 Books
Designed & Maintained by: LRC IMT Nagpur Contact: lrc@imtnag.ac.in© 2024. All Rights Reserved.